Fiscal and Monetary Policy Interactions in an Endogenous Growth Model with Financial Intermediaries
Salvato in:
| Autore principale: | |
|---|---|
| Altri autori: | |
| Natura: | Libro |
| Lingua: | inglese |
| Pubblicazione: |
Atlanta
Federal Reserve Bank of Atlanta
1995
|
| Edizione: | 1. ed. |
| Serie: | Working Paper
95-10 |
| Soggetti: | |
| Tags: |
Nessun Tag, puoi essere il primo ad aggiungerne!!
|
MARC
| LEADER | 00000nam a2200000 4500 | ||
|---|---|---|---|
| 001 | c012611 | ||
| 005 | 20250509103958.2 | ||
| 041 | 0 | |a eng | |
| 044 | |a US | ||
| 245 | 1 | 0 | |a Fiscal and Monetary Policy Interactions in an Endogenous Growth Model with Financial Intermediaries |c Marco A. Espinosa, Chong K. Yip |
| 250 | |a 1. ed. | ||
| 264 | 1 | |a Atlanta |b Federal Reserve Bank of Atlanta |c 1995 | |
| 300 | |a 40 s. | ||
| 490 | 1 | |a Working Paper |v 95-10 | |
| 830 | 0 | |a Working Paper |v 95-10 | |
| 610 | 2 | 0 | |a politika fiškálna |
| 610 | 2 | 0 | |a politika menová |
| 610 | 2 | 0 | |a modely rastu |
| 610 | 2 | 0 | |a sprostredkovatelia |
| 100 | 1 | |a Espinosa, Marco A. | |
| 700 | 1 | |a Yip, Chong K. | |